000
00306 a2200157 4500
001
186095
020
_a
0-582-40133-X
040
_c
Magnum
100
_a
Strasser, Todd
240
1
0
_a
Jumanji
_l
ING
245
1
0
_a
Jumanji
300
_a
362
0
_a
1999
697
_a
LITERATURA INGLESA
942
_c
BK
999
_c
186095
_d
186095